| 000 -LEADER |
| fixed length control field |
00822cam a22002534a 4500 |
| 001 - CONTROL NUMBER |
| control field |
15228461 |
| 005 - DATE AND TIME OF LATEST TRANSACTION |
| control field |
20180309073418.0 |
| 008 - FIXED-LENGTH DATA ELEMENTS--GENERAL INFORMATION |
| fixed length control field |
080321s2008 caua 000 0 eng |
| 010 ## - LIBRARY OF CONGRESS CONTROL NUMBER |
| LC control number |
2008272045 |
| 020 ## - INTERNATIONAL STANDARD BOOK NUMBER |
| International Standard Book Number |
9780495012320 |
| 020 ## - INTERNATIONAL STANDARD BOOK NUMBER |
| International Standard Book Number |
0495012327 |
| 040 ## - CATALOGING SOURCE |
| Original cataloging agency |
DLC |
| Transcribing agency |
DLC |
| Modifying agency |
DLC |
| 041 ## - LANGUAGE CODE |
| Language code of text/sound track or separate title |
eng |
| 080 ## - UNIVERSAL DECIMAL CLASSIFICATION NUMBER |
| Universal Decimal Classification number |
515.076 |
| 082 00 - DEWEY DECIMAL CLASSIFICATION NUMBER |
| Classification number |
515.076 STE |
| Edition number |
22 |
| 100 1# - Rafti |
| Rafti |
36 |
| 101 ## - Shkurtesa |
| Shkurtesa |
MAT |
| 245 10 - TITLE STATEMENT |
| Title |
Complete solutions manual for Single variable calculus, sixth edition / |
| Statement of responsibility, etc |
Daniel Anderson, Jeffery A. Cole, Daniel Drucker. |
| 246 30 - VARYING FORM OF TITLE |
| Title proper/short title |
single variable calculus |
| 246 14 - VARYING FORM OF TITLE |
| Title proper/short title |
Complete solutions manual for Stewart's Single variable calculus |
| 906 ## - LOCAL DATA ELEMENT F, LDF (RLIN) |
| a |
7 |
| b |
cbc |
| c |
orignew |
| d |
2 |
| e |
ncip |
| f |
20 |
| g |
y-gencatlg |
| 942 ## - ADDED ENTRY ELEMENTS (KOHA) |
| Source of classification or shelving scheme |
|
| Item type |
Books |